[Event "Montcalm IV 2005-06"]
[Site "Quebec CAN"]
[Date "2006.01.19"]
[Round "2"]
[White "Auger, Bertrand"]
[Black "Dion, Jean-Francois"]
[Result "1-0"]
[WhiteElo "2013"]
[BlackElo "1938"]
[PlyCount "70"]
[EventDate "2006.01.12"]
[EventType "tourn"]
[EventRounds "5"]
[EventCountry "CAN"]

1. Nf3 Nf6 2. g3 g6 3. b4 Bg7 4. Bb2 O-O 5. Bg2 d6 6. O-O Be6 7. d3 Qc8 8. Re1
Bh3 9. Bh1 h6 10. Nbd2 e5 11. c4 Nh5 12. Qc2 f5 13. c5 f4 14. cxd6 cxd6 15.
Qc4+ Be6 16. Qxc8 Bxc8 17. Ne4 Rd8 18. Rec1 a6 19. Nxd6 Nc6 20. Nxc8 Raxc8 21.
g4 Nf6 22. g5 hxg5 23. Nxg5 Re8 24. Ne4 Nxb4 25. Nd6 Rxc1+ 26. Rxc1 Re6 27.
Rc8+ Kh7 28. Nf7 Re7 29. Ng5+ Kh6 30. Ne4 b6 31. a3 Nd7 32. Kg2 Nf6 33. d4 a5
34. Kf3 Ne8 35. a4 g5 1-0

[Event "Montcalm IV 2005-06"]
[Site "Quebec CAN"]
[Date "2006.01.19"]
[Round "2"]
[White "Caron, Sebastien"]
[Black "Sauve, Richard"]
[Result "0-1"]
[WhiteElo "1845"]
[BlackElo "1883"]
[PlyCount "90"]
[EventDate "2006.01.12"]
[EventType "tourn"]
[EventRounds "5"]
[EventCountry "CAN"]

1. e4 e6 2. d4 d5 3. Nd2 dxe4 4. Nxe4 Nd7 5. Nf3 Ngf6 6. Bd3 Nxe4 7. Bxe4 Nf6
8. Bd3 c5 9. O-O cxd4 10. Bb5+ Bd7 11. Bxd7+ Qxd7 12. Qxd4 Qxd4 13. Nxd4 Bc5
14. Be3 O-O 15. c3 Bb6 16. Nc2 Nd5 17. Bxb6 Nxb6 18. Ne3 Rfd8 19. Rfd1 Na4 20.
Rxd8+ Rxd8 21. Rd1 Rxd1+ 22. Nxd1 e5 23. Kf1 f5 24. b3 Nc5 25. Ke2 Kf7 26. f3
Ke6 27. b4 Nd7 28. Kd3 g6 29. c4 Nf6 30. Nc3 a6 31. a4 Kd6 32. c5+ Ke6 33. Kc4
Nd7 34. Nd5 Nb8 35. b5 axb5+ 36. axb5 h6 37. Nb4 Nd7 38. Nc6 bxc6 39. bxc6 Nf6
40. Kb5 Ne8 41. h4 Kd5 42. Kb6 e4 43. c7 Nxc7 44. Kxc7 Kxc5 45. fxe4 fxe4 0-1

[Event "Montcalm IV 2005-06"]
[Site "Quebec CAN"]
[Date "2006.01.19"]
[Round "2"]
[White "L'Heureux, Clement"]
[Black "Lapierre, Gaetan"]
[Result "1-0"]
[WhiteElo "1930"]
[BlackElo "1866"]
[PlyCount "75"]
[EventDate "2006.01.12"]
[EventType "tourn"]
[EventRounds "5"]
[EventCountry "CAN"]

1. d4 Nf6 2. Nc3 d5 3. Bg5 Nbd7 4. Qd3 a6 5. e4 dxe4 6. Nxe4 e6 7. O-O-O Be7 8.
Nxf6+ Nxf6 9. Be2 h6 10. Bh4 c5 11. Nf3 b5 12. Bxf6 gxf6 13. Qe4 Bd7 14. dxc5
Rc8 15. Nd4 Rxc5 16. Nb3 Re5 17. Qg4 Rg5 18. Qe4 Re5 19. Qg4 Rg5 20. Qf3 Rf5
21. Qe3 Qc7 22. Bf3 Bc8 23. Kb1 a5 24. Be4 Rg5 25. f4 Rg7 26. Nd4 Qc5 27. Qb3
Ba6 28. g3 O-O 29. Nxe6 fxe6 30. Qxe6+ Kh8 31. Qxa6 f5 32. Rd5 Qc4 33. Bxf5
Rxf5 34. Rxf5 Qe4 35. Qc8+ Rg8 36. Qc3+ Bf6 37. Qxf6+ Kh7 38. Rd1 1-0

[Event "Montcalm IV 2005-06"]
[Site "Quebec CAN"]
[Date "2006.01.19"]
[Round "2"]
[White "Lessard, Claude"]
[Black "Berube, Antoine"]
[Result "0-1"]
[WhiteElo "2030"]
[BlackElo "2158"]
[PlyCount "90"]
[EventDate "2006.01.12"]
[EventType "tourn"]
[EventRounds "5"]
[EventCountry "CAN"]

1. d4 d5 2. c4 e5 3. e3 exd4 4. exd4 Nf6 5. Nf3 Bb4+ 6. Bd2 Bxd2+ 7. Nbxd2 O-O
8. Be2 Bf5 9. O-O Nbd7 10. c5 Re8 11. Re1 c6 12. b4 Ne4 13. Qb3 Qf6 14. Nf1 a6
15. Ne3 Be6 16. Bf1 Ng5 17. Nxg5 Qxg5 18. a4 Qf4 19. Qb2 Nf8 20. Bd3 g6 21. b5
axb5 22. axb5 Bd7 23. g3 Qf6 24. b6 Rxa1 25. Rxa1 h5 26. Bf1 Ne6 27. Ra7 Bc8
28. Nc2 Nxc5 29. Ra2 Ne4 30. Ne3 Ng5 31. Bg2 Bh3 32. Bxh3 Nxh3+ 33. Kg2 Ng5 34.
h4 Qf3+ 35. Kh2 Ne4 36. Ng2 Nf6 37. Qd2 Ng4+ 38. Kg1 Qb3 39. Rb2 Qa4 40. Ra2
Qb5 41. Rb2 Qa6 42. Nf4 Qa1+ 43. Kg2 Re1 44. Nd3 Rg1+ 45. Kf3 Rd1 0-1

[Event "Montcalm IV 2005-06"]
[Site "Quebec CAN"]
[Date "2006.01.19"]
[Round "2"]
[White "Perreault, Jacquelin"]
[Black "Cummins, Paul"]
[Result "1-0"]
[WhiteElo "1815"]
[BlackElo "1812"]
[PlyCount "77"]
[EventDate "2006.01.12"]
[EventType "tourn"]
[EventRounds "5"]
[EventCountry "CAN"]

1. e4 e5 2. Nf3 d6 3. d4 Bg4 4. dxe5 Nd7 5. Bc4 Nxe5 6. Nbd2 Nf6 7. Be2 Qe7 8.
Nxe5 Bxe2 9. Qxe2 Qxe5 10. O-O O-O-O 11. c4 Re8 12. f3 d5 13. cxd5 Nxd5 14. Nc4
Qh5 15. Qf2 Nb4 16. Be3 Nc6 17. Rfd1 b6 18. Rac1 Re6 19. Rd5 Qg6 20. Rcd1 Be7
21. Qe2 Nb4 22. Rd7 Rd8 23. Rxd8+ Bxd8 24. a3 Nc6 25. Rd5 Ne7 26. Rd1 f6 27.
Qd3 Qe8 28. Kh1 Nc6 29. Qd5 Re7 30. Rd2 Qd7 31. Qb5 Qe8 32. Bf4 Ne5 33. Qd5 Nc6
34. b4 Qd7 35. Qb5 Qe6 36. Nd6+ cxd6 37. Rxd6 Qf7 38. Qxc6+ Bc7 39. Qa8+ 1-0

[Event "Montcalm IV 2005-06"]
[Site "Quebec CAN"]
[Date "2006.01.19"]
[Round "2"]
[White "Tremblay, Rejean"]
[Black "Drolet, Stephane"]
[Result "1-0"]
[WhiteElo "2188"]
[BlackElo "2128"]
[PlyCount "41"]
[EventDate "2006.01.12"]
[EventType "tourn"]
[EventRounds "5"]
[EventCountry "CAN"]

1. e4 d5 2. exd5 Qxd5 3. Nc3 Qd6 4. d4 Nf6 5. Nf3 a6 6. g3 Bg4 7. Bg2 Nc6 8.
O-O e6 9. Bf4 Qd7 10. h3 Bxf3 11. Qxf3 Rd8 12. Rad1 Nd5 13. Nxd5 exd5 14. c4
dxc4 15. Rfe1+ Be7 16. d5 Nb4 17. d6 cxd6 18. Bxd6 Qxd6 19. Rxd6 Rxd6 20. Qxb7
Re6 21. Rxe6 1-0

[Event "Montcalm IV 2005-06"]
[Site "Quebec CAN"]
[Date "2006.01.26"]
[Round "3"]
[White "Berube, Antoine"]
[Black "Tremblay, Rejean"]
[Result "0-1"]
[WhiteElo "2158"]
[BlackElo "2188"]
[PlyCount "152"]
[EventDate "2006.01.12"]
[EventType "tourn"]
[EventRounds "5"]
[EventCountry "CAN"]

1. e4 e6 2. d4 d5 3. Nd2 Nf6 4. e5 Nfd7 5. Bd3 c5 6. c3 Nc6 7. Ne2 Be7 8. O-O
cxd4 9. cxd4 Nb6 10. f4 g6 11. Nf3 h5 12. a3 Bd7 13. Qc2 Rc8 14. Qb1 Rg8 15. b3
a5 16. Be3 a4 17. b4 Na7 18. Ng5 Bb5 19. Rf3 Qd7 20. Nc1 Bxd3 21. Nxd3 Nc4 22.
Qd1 Nb5 23. Qxa4 Nxe3 24. Rxe3 Bxg5 25. fxg5 Nxd4 26. Qxd7+ Kxd7 27. Rf1 Ke7
28. Nc5 b6 29. Na4 b5 30. Nc5 Rc7 31. Rd1 Nf5 32. Rc3 Ra8 33. Ra1 Rca7 34. Rd3
Ke8 35. Rc3 Kd8 36. g3 Ne7 37. Kg2 Nc8 38. Rf1 Ke8 39. Rcf3 Re7 40. Nb3 Rxa3
41. Nd4 Rxf3 42. Kxf3 Rb7 43. Rc1 Kd7 44. g4 hxg4+ 45. Kxg4 Na7 46. Rf1 Kc8 47.
Kg3 Rc7 48. Rf3 Kb7 49. h4 Kb6 50. Rf6 Nc6 51. Nxc6 Kxc6 52. h5 gxh5 53. g6
fxg6 54. Rxe6+ Kd7 55. Rd6+ Ke7 56. Rxd5 Rc3+ 57. Kg2 Ke6 58. Rxb5 g5 59. Rb8
Kxe5 60. Rg8 Kf4 61. Rd8 Rc2+ 62. Kg1 g4 63. b5 Rb2 64. Rd4+ Kg3 65. Rd3+ Kh4
66. Rd5 g3 67. Rd4+ Kh3 68. Rd1 Rxb5 69. Rc1 h4 70. Rd1 Rb4 71. Rc1 Rf4 72. Rc8
Ra4 73. Rc1 Kg4 74. Rb1 h3 75. Rc1 h2+ 76. Kh1 Kh3 0-1

[Event "Montcalm IV 2005-06"]
[Site "Quebec CAN"]
[Date "2006.01.26"]
[Round "3"]
[White "Dion, Jean-Francois"]
[Black "Lessard, Claude"]
[Result "0-1"]
[WhiteElo "1938"]
[BlackElo "2030"]
[PlyCount "83"]
[EventDate "2006.01.12"]
[EventType "tourn"]
[EventRounds "5"]
[EventCountry "CAN"]

1. d4 c5 2. c3 e6 3. Bf4 d5 4. e3 Nf6 5. Nd2 Bd6 6. Bxd6 Qxd6 7. Ngf3 O-O 8.
Bd3 Nc6 9. O-O b6 10. a4 cxd4 11. exd4 e5 12. dxe5 Nxe5 13. Nxe5 Qxe5 14. Re1
Qd6 15. Nc4 Qf4 16. g3 Qh6 17. Ne3 Bb7 18. Bf1 Rfe8 19. Nf5 Qg5 20. Qd3 Ne4 21.
Nd4 Qf6 22. Qf3 Qg5 23. h4 Qd8 24. Bb5 Rf8 25. Re2 g6 26. h5 Qg5 27. Kg2 Bc8
28. Qe3 Bg4 29. f3 Bh3+ 30. Kh1 Nxg3+ 31. Kh2 Qh4 32. Qe7 g5 33. Re5 Be6+ 34.
Kg2 Qh3+ 35. Kf2 Qh2+ 36. Ke3 Nf1+ 37. Rxf1 Qxe5+ 38. Kd2 Qf4+ 39. Kd1 Bh3 40.
Rg1 h6 41. Bc6 Rac8 42. Qb7 0-1

[Event "Montcalm IV 2005-06"]
[Site "Quebec CAN"]
[Date "2006.01.26"]
[Round "3"]
[White "Drolet, Stephane"]
[Black "Auger, Bertrand"]
[Result "1/2-1/2"]
[WhiteElo "2128"]
[BlackElo "2013"]
[PlyCount "114"]
[EventDate "2006.01.12"]
[EventType "tourn"]
[EventRounds "5"]
[EventCountry "CAN"]

1. d4 e6 2. e3 Nf6 3. Bd3 d5 4. Nd2 Be7 5. f4 O-O 6. Ngf3 b6 7. Qe2 Bb7 8. Ne5
c5 9. c3 Nbd7 10. O-O Ne4 11. Rf3 f6 12. Nxd7 Qxd7 13. Rh3 Bd6 14. Nxe4 dxe4
15. Bc4 Bd5 16. Bxd5 exd5 17. Bd2 f5 18. Kh1 Rf6 19. Rg1 Qe6 20. g4 fxg4 21.
Rh4 Rg6 22. Rhxg4 Rxg4 23. Rxg4 cxd4 24. cxd4 Rc8 25. Bc3 a6 26. Qg2 Bf8 27.
Qh3 Kh8 28. Qh5 Qh6 29. Qxh6 gxh6 30. Rg1 Bg7 31. Rc1 Kg8 32. Kg2 Kf7 33. Bd2
Rg8 34. Kf1 Bf8 35. Rc7+ Ke8 36. Be1 Be7 37. Rc8+ Kf7 38. Rc7 Ke8 39. Ra7 a5
40. Ra8+ Kf7 41. Rxg8 Kxg8 42. Kg2 Kf7 43. Kh3 Kg6 44. Bh4 Bb4 45. a4 Bd2 46.
Bf2 Kh5 47. b3 Bc1 48. Kg2 Kg4 49. h3+ Kh5 50. Kf1 Ba3 51. Be1 Be7 52. Kg2 Ba3
53. Bg3 Bc1 54. Kf2 Bd2 55. Ke2 Bb4 56. Bf2 Be7 57. Kf1 Bb4 1/2-1/2

[Event "Montcalm IV 2005-06"]
[Site "Quebec CAN"]
[Date "2006.01.26"]
[Round "3"]
[White "Hebert, Marc"]
[Black "Bourassa, Andre"]
[Result "1/2-1/2"]
[WhiteElo "1736"]
[BlackElo "1692"]
[PlyCount "88"]
[EventDate "2006.01.12"]
[EventType "tourn"]
[EventRounds "5"]
[EventCountry "CAN"]

1. e4 c5 2. Nf3 d6 3. d4 cxd4 4. Nxd4 Nf6 5. Nc3 a6 6. g3 b5 7. Bg2 e5 8. Nb3
Be6 9. O-O Be7 10. Nd5 Nxd5 11. exd5 Bf5 12. Bd2 Qc8 13. Rc1 O-O 14. Na5 Bd8
15. Nc6 Nxc6 16. dxc6 Bc7 17. Bb4 Qe6 18. Bd5 Qe7 19. c4 bxc4 20. Rxc4 Be6 21.
Re1 Bxd5 22. Qxd5 Qe6 23. Rd1 Rfd8 24. b3 Qxd5 25. Rxd5 f6 26. Kg2 Kf7 27. Ba5
Ra7 28. Bxc7 Rxc7 29. Ra5 Ra8 30. b4 Ke6 31. a3 d5 32. Rcc5 Kd6 33. Rxd5+ Kxc6
34. Kf3 Raa7 35. Ke4 Kb6 36. Rd6+ Rc6 37. Rxc6+ Kxc6 38. g4 Kb6 39. Rd5 Rc7 40.
Rd6+ Kb5 41. Rd5+ Kb6 42. Kd3 Rc1 43. Rd6+ Kb5 44. Rd5+ Kb6 1/2-1/2

[Event "Montcalm IV 2005-06"]
[Site "Quebec CAN"]
[Date "2006.01.26"]
[Round "3"]
[White "Lapierre, Gaetan"]
[Black "Perreault, Jacquelin"]
[Result "1-0"]
[WhiteElo "1866"]
[BlackElo "1815"]
[PlyCount "87"]
[EventDate "2006.01.12"]
[EventType "tourn"]
[EventRounds "5"]
[EventCountry "CAN"]

1. e4 e6 2. d4 c5 3. d5 exd5 4. exd5 d6 5. c4 Nf6 6. Nc3 Be7 7. Nf3 O-O 8. Be2
Re8 9. O-O Bg4 10. h3 Bh5 11. g4 Bg6 12. Nd2 Nfd7 13. f4 f5 14. g5 Bf7 15. Bd3
g6 16. Nf3 Na6 17. a3 Nc7 18. Bc2 Rb8 19. b4 b5 20. bxc5 Nxc5 21. Nd4 bxc4 22.
Nc6 Qd7 23. Nxe7+ Qxe7 24. Qd4 Nb3 25. Bxb3 Rxb3 26. Bd2 Reb8 27. Rfe1 Qf8 28.
Qxc4 Rxc3 29. Bxc3 Nxd5 30. Rac1 Nxc3 31. Qxc3 Rb3 32. Qc8 Rb8 33. Qxf8+ Kxf8
34. Rc7 a6 35. Ra7 Rd8 36. Ree7 Bg8 37. Red7 Rxd7 38. Rxd7 d5 39. Kf2 Ke8 40.
Ra7 Bf7 41. Ke3 Kf8 42. Kd4 Ke8 43. Ke5 Kf8 44. Rxa6 1-0

[Event "Montcalm IV 2005-06"]
[Site "Quebec CAN"]
[Date "2006.01.26"]
[Round "3"]
[White "Sauve, Richard"]
[Black "L'Heureux, Clement"]
[Result "1-0"]
[WhiteElo "1883"]
[BlackElo "1930"]
[PlyCount "107"]
[EventDate "2006.01.12"]
[EventType "tourn"]
[EventRounds "5"]
[EventCountry "CAN"]

1. d4 Nf6 2. c4 c5 3. d5 e6 4. Nc3 exd5 5. cxd5 d6 6. e4 g6 7. Be2 Bg7 8. Nf3
O-O 9. O-O a6 10. a4 Bg4 11. Bf4 Bxf3 12. Bxf3 Qc7 13. Rc1 Nbd7 14. b4 Ne8 15.
bxc5 Nxc5 16. Re1 Qb8 17. Ne2 Nd7 18. Nd4 Ne5 19. Be2 Nf6 20. f3 Nfd7 21. Be3
Nc5 22. a5 Re8 23. Qd2 Qd8 24. Rb1 Qe7 25. Nb3 Ned7 26. Nxc5 Nxc5 27. Rec1 Rac8
28. Qb4 Rc7 29. Qb6 Rec8 30. Bxc5 Rxc5 31. Rxc5 Bd4+ 32. Kf1 Rxc5 33. Qb4 Be3
34. g3 Qd7 35. Kg2 Rc2 36. Rb2 Rc1 37. Bf1 Qc7 38. Qxb7 Rc2+ 39. Kh3 Qc5 40.
Rxc2 Qxc2 41. Qb8+ Kg7 42. Qxd6 Bg1 43. Bg2 Qd2 44. Qe5+ Kg8 45. d6 Qh6+ 46.
Kg4 f5+ 47. exf5 Qh5+ 48. Kf4 Qh6+ 49. Ke4 Qe3+ 50. Kd5 Qc5+ 51. Ke6 Qc8+ 52.
d7 Qc6+ 53. Qd6 Qc4+ 54. Qd5 1-0

[Event "Montcalm IV 2005-06"]
[Site "Quebec CAN"]
[Date "2006.02.02"]
[Round "4"]
[White "Auger, Bertrand"]
[Black "Lessard, Claude"]
[Result "1-0"]
[WhiteElo "2013"]
[BlackElo "2030"]
[PlyCount "61"]
[EventDate "2006.01.12"]
[EventType "tourn"]
[EventRounds "5"]
[EventCountry "CAN"]

1. Nf3 c5 2. c4 d6 3. g3 e5 4. Nc3 Nc6 5. Bg2 f5 6. d3 Nf6 7. O-O Be7 8. a3 O-O
9. Nd5 e4 10. dxe4 Nxe4 11. b4 Bf6 12. Rb1 Be6 13. Nxf6+ Qxf6 14. Bb2 Qf7 15.
Nd2 Nf6 16. b5 Ne5 17. Rc1 Rad8 18. f4 Neg4 19. Qb3 d5 20. h3 dxc4 21. Qc3 Nh6
22. Nxc4 Bxc4 23. Qxc4 Qxc4 24. Rxc4 b6 25. Ra4 Rfe8 26. Bf3 Re7 27. Rc1 Nf7
28. g4 fxg4 29. hxg4 Nd5 30. Rd1 Nxf4 31. Rxd8+ 1-0

[Event "Montcalm IV 2005-06"]
[Site "Quebec CAN"]
[Date "2006.02.02"]
[Round "4"]
[White "Bourassa, Andre"]
[Black "Monga, Alain"]
[Result "0-1"]
[WhiteElo "1692"]
[BlackElo "1696"]
[PlyCount "82"]
[EventDate "2006.01.12"]
[EventType "tourn"]
[EventRounds "5"]
[EventCountry "CAN"]

1. d4 d5 2. c4 c6 3. Nc3 Nf6 4. e3 e6 5. Qc2 Nbd7 6. Nf3 Be7 7. Bd3 dxc4 8.
Bxc4 b5 9. Bd3 Bb7 10. O-O b4 11. Ne4 O-O 12. Nc5 Nxc5 13. dxc5 Qd5 14. Bd2
Rfd8 15. Bc4 Qxc5 16. Qb3 a5 17. Bxe6 fxe6 18. Qxe6+ Kh8 19. Ne5 Rf8 20. Nf7+
Rxf7 21. Qxf7 Ne4 22. Rfc1 Qg5 23. f4 Qh4 24. Be1 Qf6 25. Qxf6 Bxf6 26. Rc2 Rd8
27. g4 c5 28. g5 Be7 29. a3 b3 30. Rcc1 Ba6 31. Bxa5 Rd5 32. Rd1 Bd3 33. Rac1
c4 34. Rxd3 cxd3 35. Rc8+ Bd8 36. Bxd8 Kg8 37. Ba5+ Kf7 38. Be1 d2 39. Bxd2
Rxd2 40. Rc4 Rxb2 41. Rxe4 Rc2 0-1

[Event "Montcalm IV 2005-06"]
[Site "Quebec CAN"]
[Date "2006.02.02"]
[Round "4"]
[White "Drolet, Stephane"]
[Black "Berube, Antoine"]
[Result "0-1"]
[WhiteElo "2128"]
[BlackElo "2158"]
[PlyCount "78"]
[EventDate "2006.01.12"]
[EventType "tourn"]
[EventRounds "5"]
[EventCountry "CAN"]

1. e4 c5 2. Nf3 d6 3. Bb5+ Bd7 4. Bxd7+ Qxd7 5. O-O Nc6 6. c4 Nf6 7. Nc3 g6 8.
d3 Bg7 9. Bg5 O-O 10. Qd2 Rfe8 11. Rab1 Qd8 12. a3 Nd7 13. Nd5 Qc8 14. Bh6 Bh8
15. Qg5 e6 16. Nf4 Nde5 17. h4 Nxf3+ 18. gxf3 Nd4 19. Kg2 Qd8 20. Qg3 Be5 21.
Qh3 Qf6 22. Qg4 Bxf4 23. Bxf4 h5 24. Qg5 Qxg5+ 25. Bxg5 Nb3 26. Kh2 a5 27. Rg1
a4 28. Be3 Ra6 29. Rg5 Rb6 30. Rbg1 Nd4 31. R1g3 Rxb2 32. f4 Nc2 33. Bc1 Rb1
34. Bd2 Nxa3 35. Rxh5 Kf8 36. Rh8+ Ke7 37. Rh7 Rd1 38. Bc3 Nb1 39. Ba1 Nd2 0-1

[Event "Montcalm IV 2005-06"]
[Site "Quebec CAN"]
[Date "2006.02.02"]
[Round "4"]
[White "L'Heureux, Clement"]
[Black "Cummins, Paul"]
[Result "1-0"]
[WhiteElo "1930"]
[BlackElo "1812"]
[PlyCount "117"]
[EventDate "2006.01.12"]
[EventType "tourn"]
[EventRounds "5"]
[EventCountry "CAN"]

1. e4 e5 2. Nf3 d6 3. Bc4 Be7 4. O-O Nf6 5. Re1 O-O 6. Nc3 c6 7. d3 b5 8. Bb3
Nbd7 9. d4 b4 10. Na4 c5 11. dxe5 dxe5 12. Bg5 Qa5 13. c4 Rd8 14. Qe2 Qc7 15.
Bc2 Nf8 16. Nd2 Ne6 17. Be3 Bb7 18. b3 Bc6 19. Nb2 Qb7 20. f3 Bd6 21. Qf2 Qe7
22. g3 Rd7 23. Nd3 Nd4 24. Bxd4 cxd4 25. Bd1 Ne8 26. Rc1 a5 27. Nb2 Qg5 28. h4
Qg6 29. c5 Bc7 30. Nd3 Bb5 31. Nc4 Re7 32. Be2 Qa6 33. Bf1 f6 34. Rc2 Rd8 35.
Rec1 Qb7 36. a4 Bc6 37. Nd2 g6 38. Ne1 Ng7 39. Bc4+ Kf8 40. Nd3 Ke8 41. Nf1 Qc8
42. Bb5 Qd7 43. Nd2 Bxb5 44. c6 Bxc6 45. Rxc6 Ne6 46. Ra6 Ng7 47. Rcc6 Rc8 48.
Nc5 Qh3 49. g4 f5 50. Nc4 fxg4 51. Nd6+ Kf8 52. Nxc8 Rf7 53. Rf6 Nh5 54. Rxf7+
Kxf7 55. Ra7 g3 56. Rxc7+ Kf8 57. Qg2 Qxh4 58. Ne6+ Kg8 59. Ne7+ 1-0

[Event "Montcalm IV 2005-06"]
[Site "Quebec CAN"]
[Date "2006.02.02"]
[Round "4"]
[White "Lapierre, Gaetan"]
[Black "Sauve, Richard"]
[Result "0-1"]
[WhiteElo "1866"]
[BlackElo "1883"]
[PlyCount "46"]
[EventDate "2006.01.12"]
[EventType "tourn"]
[EventRounds "5"]
[EventCountry "CAN"]

1. e4 e6 2. d4 d5 3. e5 c5 4. c3 Qb6 5. a3 Nc6 6. Nf3 Nh6 7. b4 cxd4 8. cxd4
Nf5 9. Bb2 Be7 10. h4 h5 11. Ra2 Bd7 12. Bc3 Rc8 13. b5 Na5 14. Qa4 Nc4 15.
Nbd2 Bxb5 16. Nxc4 dxc4 17. Qd1 Qc6 18. a4 Ba6 19. g3 Nxd4 20. Bxd4 Bb4+ 21.
Ke2 Qe4+ 22. Be3 c3+ 23. Ke1 c2+ 0-1

[Event "Montcalm IV 2005-06"]
[Site "Quebec CAN"]
[Date "2006.02.02"]
[Round "4"]
[White "Perreault, Jacquelin"]
[Black "Caron, Sebastien"]
[Result "0-1"]
[WhiteElo "1815"]
[BlackElo "1845"]
[PlyCount "118"]
[EventDate "2006.01.12"]
[EventType "tourn"]
[EventRounds "5"]
[EventCountry "CAN"]

1. e4 c5 2. Nf3 d6 3. d4 cxd4 4. Nxd4 Nf6 5. Nc3 a6 6. f4 Nc6 7. Nxc6 bxc6 8.
e5 dxe5 9. Qxd8+ Kxd8 10. Bc4 e6 11. fxe5 Nd5 12. Ne4 Be7 13. Bg5 Rf8 14. O-O-O
Bxg5+ 15. Nxg5 h6 16. Ne4 Ke7 17. Rd2 Nb6 18. Bb3 Nd7 19. Rhd1 Nxe5 20. Nc5 Ra7
21. Ba4 Nd7 22. Nb3 Rc7 23. Nd4 Nb8 24. c4 c5 25. Nf3 Nd7 26. Rd6 f6 27. Kc2 g5
28. h3 Nb8 29. Rb6 Rb7 30. Rbd6 Bd7 31. Bxd7 Rxd7 32. Rb6 h5 33. Rxd7+ Kxd7 34.
Rb7+ Kc6 35. Re7 Kd6 36. Rb7 Nc6 37. Kc3 g4 38. hxg4 hxg4 39. Ne1 Rb8 40. Rf7
f5 41. Nd3 Nb4 42. Nxb4 cxb4+ 43. Kc2 Rc8 44. b3 Kc5 45. Re7 Rc6 46. Kd3 Rd6+
47. Ke3 Rd1 48. Ke2 Rd6 49. Ke3 Rd1 50. Ke2 Ra1 51. Rxe6 Rxa2+ 52. Ke3 Rxg2 53.
Re5+ Kc6 54. Rxf5 Rg3+ 55. Kf4 Rxb3 56. Kxg4 Ra3 57. Rf1 Kc5 58. Rc1 b3 59. Kf4
b2 0-1

[Event "Montcalm IV 2005-06"]
[Site "Quebec CAN"]
[Date "2006.02.09"]
[Round "5"]
[White "Berube, Antoine"]
[Black "Auger, Bertrand"]
[Result "1-0"]
[WhiteElo "2158"]
[BlackElo "2013"]
[PlyCount "159"]
[EventDate "2006.01.12"]
[EventType "tourn"]
[EventRounds "5"]
[EventCountry "CAN"]

1. d4 e6 2. c4 Nf6 3. Nc3 Bb4 4. Nf3 b6 5. Bg5 Bb7 6. e3 h6 7. Bh4 O-O 8. Bd3
d5 9. O-O dxc4 10. Bxc4 Nbd7 11. Qe2 Be7 12. Rfd1 Ne4 13. Bxe7 Nxc3 14. bxc3
Qxe7 15. Bb5 Rfd8 16. Bxd7 Rxd7 17. Ne5 Rd6 18. f4 Rad8 19. a4 a5 20. Qf2 f6
21. Nf3 Kh8 22. h3 Qe8 23. Rf1 Bc6 24. Qc2 Qh5 25. Kh2 Qd5 26. Qe2 Qe4 27. Nd2
Qc2 28. Rfc1 Qg6 29. c4 Be4 30. c5 Bd3 31. Qg4 Qxg4 32. hxg4 Rd5 33. cxb6 cxb6
34. Nf3 Be4 35. Rc3 Bxf3 36. gxf3 e5 37. fxe5 fxe5 38. dxe5 Rxe5 39. Rb1 Rd6
40. Kg3 Rde6 41. e4 Rf6 42. Rb5 Rxb5 43. axb5 g5 44. Rc6 Kg7 45. e5 Rf4 46.
Rxb6 Rb4 47. Rb8 a4 48. b6 a3 49. Ra8 Rxb6 50. Rxa3 Kf7 51. f4 gxf4+ 52. Kxf4
Ke6 53. Ra4 Rc6 54. Rb4 Ra6 55. Rc4 Rb6 56. Rd4 h5 57. gxh5 Rb1 58. Rd6+ Kf7
59. Kf5 Rf1+ 60. Kg5 Re1 61. Kf5 Rf1+ 62. Kg5 Re1 63. e6+ Ke7 64. Ra6 Re5+ 65.
Kg6 Re3 66. Kg7 Rg3+ 67. Kh6 Kf6 68. Kh7 Ke7 69. h6 Rg1 70. Rb6 Rg2 71. Rc6 Rg1
72. Rb6 Rg2 73. Kh8 Rg1 74. Ra6 Rg2 75. h7 Kf6 76. Ra8 Kxe6 77. Rg8 Rh2 78. Rg3
Ra2 79. Kg7 Ra7+ 80. Kh6 1-0

[Event "Montcalm IV 2005-06"]
[Site "Quebec CAN"]
[Date "2006.02.09"]
[Round "5"]
[White "Cummins, Paul"]
[Black "Lapierre, Gaetan"]
[Result "0-1"]
[WhiteElo "1812"]
[BlackElo "1866"]
[PlyCount "64"]
[EventDate "2006.01.12"]
[EventType "tourn"]
[EventRounds "5"]
[EventCountry "CAN"]

1. d4 Nf6 2. Bg5 d6 3. Bxf6 gxf6 4. e3 Bg7 5. Bd3 c6 6. Nf3 Qa5+ 7. c3 Qh5 8.
h3 f5 9. Nbd2 e5 10. dxe5 dxe5 11. e4 O-O 12. Qc2 f4 13. O-O-O b5 14. g4 fxg3
15. fxg3 Nd7 16. g4 Qh6 17. g5 Qe6 18. Kb1 Nc5 19. Be2 Qe7 20. Nf1 f6 21. gxf6
Bxf6 22. Ng3 Kh8 23. Nh5 Bh4 24. Rdg1 Rf7 25. Rg2 Nxe4 26. Ka1 Nc5 27. Rhg1 Bf5
28. Qc1 Nb3+ 29. axb3 Qb7 30. Rg8+ Rxg8 31. Rxg8+ Kxg8 32. Qg1+ Kf8 0-1

[Event "Montcalm IV 2005-06"]
[Site "Quebec CAN"]
[Date "2006.02.09"]
[Round "5"]
[White "Dao, Huy Hao"]
[Black "Bourassa, Andre"]
[Result "1/2-1/2"]
[WhiteElo "1781"]
[BlackElo "1692"]
[PlyCount "91"]
[EventDate "2006.01.12"]
[EventType "tourn"]
[EventRounds "5"]
[EventCountry "CAN"]

1. e4 c5 2. Nf3 d6 3. d4 cxd4 4. Nxd4 Nf6 5. Nc3 a6 6. Be2 e5 7. Nb3 Be6 8. O-O
Be7 9. f4 exf4 10. Rxf4 b5 11. Be3 Nbd7 12. Nd5 Bxd5 13. exd5 Ne5 14. Qd2 Qd7
15. Raf1 Qb7 16. Rd1 Rc8 17. Na5 Qd7 18. c4 bxc4 19. Nxc4 Bd8 20. Qb4 Nxc4 21.
Rxc4 Rxc4 22. Qxc4 O-O 23. Qxa6 Qe7 24. Bg5 Qe5 25. Bxf6 Bxf6 26. b4 Qe3+ 27.
Kh1 Re8 28. Bb5 Rf8 29. Rf1 Be5 30. Be2 g6 31. Qd3 Qxd3 32. Bxd3 Ra8 33. b5 Bd4
34. Bc4 Ra4 35. Rc1 Kf8 36. Bb3 Ra7 37. a4 Bb6 38. Rc6 Rc7 39. g3 Rxc6 40. dxc6
f5 41. Kg2 Ke7 42. Kf3 Kf6 43. g4 h6 44. Bc2 Ke5 45. gxf5 gxf5 46. h4 1/2-1/2

[Event "Montcalm IV 2005-06"]
[Site "Quebec CAN"]
[Date "2006.02.09"]
[Round "5"]
[White "Dion, Jean-Francois"]
[Black "Drolet, Stephane"]
[Result "1/2-1/2"]
[WhiteElo "1938"]
[BlackElo "2128"]
[PlyCount "92"]
[EventDate "2006.01.12"]
[EventType "tourn"]
[EventRounds "5"]
[EventCountry "CAN"]

1. d4 d5 2. Nf3 Nf6 3. Bf4 c5 4. e3 Nc6 5. c3 Qb6 6. Qb3 c4 7. Qxb6 axb6 8. Na3
Ra5 9. Bc7 Nd7 10. e4 e6 11. Nc2 Be7 12. exd5 exd5 13. Ne3 O-O 14. Be2 Bd8 15.
Bxd8 Rxd8 16. O-O Nf6 17. Nd2 b5 18. a3 Ra6 19. Bf3 Ne7 20. Rfe1 Kf8 21. Ndf1
Re6 22. Ng3 g6 23. Ngf1 Re8 24. h3 Nf5 25. Reb1 Rd6 26. b3 Nh4 27. Bd1 Ne4 28.
Rc1 Bd7 29. bxc4 bxc4 30. a4 Ra8 31. Rab1 Ra7 32. a5 Rxa5 33. Rxb7 Ra3 34. Bg4
f5 35. Bd1 Nxc3 36. g3 Nxd1 37. Rxd1 Nf3+ 38. Kg2 Ng5 39. Rdb1 Rd3 40. Rb8+ Ke7
41. h4 Ne6 42. Rh8 h5 43. Rb7 Nxd4 44. Rh7+ Kd8 45. Rh8+ Ke7 46. Rh7+ Kd8
1/2-1/2

[Event "Montcalm IV 2005-06"]
[Site "Quebec CAN"]
[Date "2006.02.09"]
[Round "5"]
[White "Lessard, Claude"]
[Black "Tremblay, Rejean"]
[Result "0-1"]
[WhiteElo "2030"]
[BlackElo "2188"]
[PlyCount "82"]
[EventDate "2006.01.12"]
[EventType "tourn"]
[EventRounds "5"]
[EventCountry "CAN"]

1. d4 e6 2. Nf3 Nf6 3. e3 b6 4. c3 Bb7 5. Nbd2 c5 6. Bd3 Nc6 7. O-O d5 8. e4
cxd4 9. e5 dxc3 10. exf6 cxd2 11. Bxd2 gxf6 12. Rc1 a6 13. Re1 Bg7 14. Rxc6
Bxc6 15. Nd4 Qd7 16. Bf5 Kd8 17. Bd3 f5 18. Bg5+ Kc8 19. Nxc6 Qxc6 20. Qb3 Kb7
21. a4 Rhc8 22. a5 Bd4 23. Kf1 Qd6 24. g3 Rc6 25. Kg2 Rac8 26. Ra1 b5 27. Re1
Ka8 28. h4 f6 29. Bd2 Rg8 30. Be3 Bxe3 31. Rxe3 f4 32. Rf3 fxg3 33. fxg3 f5 34.
Kh3 Rc1 35. Bf1 Rgc8 36. Rf2 Qc5 37. Qf3 Qd4 38. Bg2 R8c2 39. Rxc2 Rxc2 40. Qa3
Qc5 41. Qf3 Qf2 0-1